000 00499nam a2200217Ia 4500
003 OSt
005 20221005131203.0
006 a|||||r|||| 00| 0
007 ta
008 221004b |||||||| |||| 00| 0 eng d
024 _a119969
037 _cTextual
040 _aCRL
_cCRL
_beng
041 _2eng
_aeng
100 _aAgaye
_9639226
245 0 _aShekhar
_b Ek Jivni
260 _c1970
650 _aHINDI LITERATURE
_923866
942 _cTEXL
_2cc
999 _c1059592
_d1059592